000 00865cam a22002771 4500
001 18742
003 BD-RjUL
005 20211209000328.0
008 140222r19611875enk 001 0 eng
035 _a(BD-RjUL)18800
035 _a(OCoLC)1293461
040 _aDLC
_cOYU
_dOCoLC
_dDLC
_dBD-RjUL
_beng
041 _aeng
082 _a323.44
_bMIA 1961
100 1 _aMilton, John,
_d1608-1674.
_957760
245 1 0 _aAreopagitica /
_cEd. with introduction and notes by J. W. Hales.
260 _aOxford :
_bClarendon Press,
_c[Impression 1961].
300 _axliv, 160 p. ;
_c18 cm.
504 _aIncludes index.
650 0 _aFreedom of the press
_vEarly works to 1800.
_957762
700 1 _aHales, John W.
_q(John Wesley),
_d1836-1914.
_957763
942 _2ddc
_cBK
999 _c18742
_d18742